Records of wells on the Snake river plain, southeastern Idaho, (Record no. 27278)

MARC details
000 -LEADER
fixed length control field 01432cam a22003131 4500
001 - CONTROL NUMBER
control field gs 36000236
003 - CONTROL NUMBER IDENTIFIER
control field DLC
005 - DATE AND TIME OF LATEST TRANSACTION
control field 20260227111340.0
008 - FIXED-LENGTH DATA ELEMENTS--GENERAL INFORMATION
fixed length control field 840928s1936 dcua f000 0 eng c
010 ## - LIBRARY OF CONGRESS CONTROL NUMBER
LC control number gs 36000236
035 ## - SYSTEM CONTROL NUMBER
System control number (OCoLC)11209350
040 ## - CATALOGING SOURCE
Original cataloging agency Library, U.S. Geological Survey
Transcribing agency CLS
Modifying agency CLS
-- OCoLC
-- DLC
042 ## - AUTHENTICATION CODE
Authentication code premarc
050 00 - LIBRARY OF CONGRESS CALL NUMBER
Classification number TC801
Item number .U2 no. 775
100 1# - MAIN ENTRY--PERSONAL NAME
Personal name Stearns, Harold T.
Fuller form of name (Harold Thornton),
Dates associated with a name 1900-1986.
245 10 - TITLE STATEMENT
Title Records of wells on the Snake river plain, southeastern Idaho,
Statement of responsibility, etc. by Harold T. Stearns, Lynn Crandall and Willard G. Steward. Prepared in cooperation with the Idaho Bureau of mines and geology and the Idaho Department of reclamation.
260 ## - PUBLICATION, DISTRIBUTION, ETC.
Place of publication, distribution, etc. Washington,
Name of publisher, distributor, etc. U.S. Govt. Print. Off.,
Date of publication, distribution, etc. 1936.
300 ## - PHYSICAL DESCRIPTION
Extent 1 p. l., 139 p. incl. tables.
Dimensions 23 cm.
490 0# - SERIES STATEMENT
Series statement U.S. Geological survey. Water-supply paper
Volume/sequential designation 775
500 ## - GENERAL NOTE
General note At head of title: United States Department of the interior.
500 ## - GENERAL NOTE
General note Offset printed.
501 ## - WITH NOTE
With note With : Geology and ground water resources of the Snake river plain in southeastern Idaho. Washington : U.S. Govt. Print. Off., 1938. Bound together subsequent to publication.
Institution to which field applies DLC
650 #0 - SUBJECT ADDED ENTRY--TOPICAL TERM
Topical term or geographic name entry element Wells.
650 #0 - SUBJECT ADDED ENTRY--TOPICAL TERM
Topical term or geographic name entry element Groundwater
Geographic subdivision Idaho.
700 1# - ADDED ENTRY--PERSONAL NAME
Personal name Crandall, Lynn,
Dates associated with a name 1888-
Relator term joint author.
700 1# - ADDED ENTRY--PERSONAL NAME
Personal name Steward, Willard G.,
Relator term joint author.
710 2# - ADDED ENTRY--CORPORATE NAME
Corporate name or jurisdiction name as entry element Idaho Bureau of Mines and Geology.
710 1# - ADDED ENTRY--CORPORATE NAME
Corporate name or jurisdiction name as entry element Idaho.
Subordinate unit Department of Reclamation.

No items available.

Powered by Koha